Video Game Quiz 1 - Statistics

General Stats
  • This quiz has been taken 14 times
  • The average score is 9 of 12
Answer Stats
Hint Answer % Correct
Plumber fighting turtle Mario
100%
Falling block game Tetris
100%
Smashing sweets Candy crush
92%
100 player FFA Fortnite
85%
Block game Minecraft
85%
Car football Rocket league
85%
kidnapping animals in balls Pokemon
77%
Aftermath of nuclear warfare Fallout
69%
Surviving many evenings at frederick’s Five nights at freddys
69%
Strategy game with 6 towers Clash royale
46%
_________ creed Assassins creed
38%
Collection of thousands of games Roblox
38%
No matching quizzes found
Score Distribution
Percent of People with Each Score
Percentile by Number Answered
Your Score History
You have not taken this quiz